000 00387nam a22001697a 4500
005 20160519151450.0
008 160519b xxu||||| |||| 00| 0 eng d
020 _a81-87567-43-0
041 _aeng
082 _b3292
100 _aJitendra Kumar Mitra
_9814
245 _aEconomics
260 _bWorld Press (p) Ltd
_c2003
300 _a785
650 _aManagement
_9241
942 _cBK
999 _c1120
_d1120